000 00680cam a22002413a 4500
001 28443
003 PGUSA
005 20140828083620.0
008 090329s2009||||xxu|||||s|||||000 1 eng d
040 _aPGUSA
_beng
042 _adc
050 4 _aPS
100 1 _aIrwin, Will,
_d1873-1948
245 1 4 _aThe Readjustment
_h[electronic resource] /
_cWill Irwin
260 _bProject Gutenberg,
_c2009
506 _aPublic domain in the USA.
516 _aElectronic text
653 _aSan Francisco (Calif.) -- Fiction
653 _aMan-woman relationships -- Fiction
830 0 _aProject Gutenberg
_v28443
856 4 0 _uhttp://www.gutenberg.org/ebooks/28443
942 _cEB
999 _c257698
_d257698